000 00607nam a2200217Ia 4500
003 OSt
005 20220926045014.0
006 a|||||r|||| 00| 0
007 ta
008 220923b |||||||| |||| 00| 0 eng d
037 _cGeneral Book
040 _aRTL
_cRTL
_beng
041 _2eng
_aeng
082 _aX:8C 214r, N6/GD
110 _aPondicherry, Comptroller and Auditor General
_9349746
245 0 _aFinance Accounts
260 _c1996
700 _aPondicherry, Comptroller and Auditor General
_9349747
942 _hX:8C 214r, N6/GD
_cGB
_2CC
999 _c676449
_d676449